Statistics for Star Wars The Clone Wars Characters

Click here to take the quiz!

General Stats

  • This quiz has been taken 143 times
    (142 since last reset)
  • The average score is 86 of 134

Answer Stats

HintAnswer% Correct
Padawan of aboveAhsoka Tano
100%
Turns into Darth VaderAnakin Skywalker
100%
Anakin’s masterObi Wan Kenobi
100%
Small green JediYoda
100%
Protocol DroidC3PO
99%
Jedi with purple lightsaberMace Windu
99%
Astromech DroidR2D2
99%
Commander of the 212thCody
98%
Qui Gon’s MasterCount Dooku
98%
Senator of NabooPadme Amidala
97%
Captain of the 501stRex
97%
Wants revenge on KenobiDarth Maul
96%
The SenateChancellor Palpatine
94%
Sith turned bounty hunterAsajj Ventress
93%
WookieChewbacca
93%
ARC trooper who discovers Order 66Fives
93%
Commander of the 41st, fought with UnduliGree
93%
Gungan Representative of NabooJar Jar Binks
93%
Above’s brotherSavage Opress
93%
Son of Jango FettBoba Fett
92%
Has a palace on TatooineJabba
92%
Bounty hunter who stole Force sensitivesCad Bane
90%
Duchess of MandaloreSatine Kryze
90%
Droid leaderGeneral Grievous
89%
Purple HuttZiro
89%
Sith LordDarth Sidious
88%
PirateHondo Ohnaka
88%
ARC trooper taken by the SeparatistsEcho
87%
Wields the darksaberPre Vizsla
87%
Satine’s sisterBo-Katan Kryze
85%
Jedi LibrarianJocasta Nu
85%
Senator of AlderaanBail Organa
84%
Jedi MasterKit Fisto
84%
Jedi MasterPlo Koon
84%
Old clone99
82%
Member of Domino SquadHevy
80%
ViceroyNute Gunray
80%
Member of the Bad BatchCrosshair
79%
Member of the Bad BatchHunter
79%
Leader of the NightsistersMother Talzin
79%
Anakin’s motherShmi Skywalker
79%
Member of the Bad BatchTech
78%
Member of the Bad BatchWrecker
78%
Trandoshan bounty hunterBossk
77%
Appears as a Force ghostQui Gon Jinn
77%
Jedi MasterShaak Ti
76%
Leader of the WolfpackWolffe
76%
Jedi MasterKi Adi Mundi
75%
Jedi MasterLuminara Unduli
75%
Jedi general who turned to the dark sidePong Krell
75%
Rodian bounty hunterGreedo
73%
Clone who executed Order 66 earlyTup
70%
Jedi MasterAayla Secura
69%
Jedi PadawanBarriss Offee
69%
Bounty hunter with shield hatEmbo
69%
Bounty hunterAurra Sing
68%
Clone that found NumaBoil
68%
Clone captured by MaulJesse
68%
Jedi killed at the CitadelEven Piell
66%
Commander of the Coruscant guardFox
66%
Lost clone commandoGregor
66%
Onderon SenatorLux Bonteri
65%
Leader of the GeonosiansPoggle the Lesser
65%
Obi Wan’s astromech droidR4-P17
65%
Force beingThe Father
65%
Force beingThe Son
65%
Spider-like admiralTrench
65%
Clone that found NumaWaxer
65%
Twilek found by clonesNuma
64%
Onderon fighterSaw Gerrera
64%
Force beingThe Daughter
64%
Bandaged bounty hunterDengar
63%
Jedi killed on RylothIma Gun Di
63%
Commander of the 327th, fought with SecuraBly
62%
Jedi who commissioned the clone armySifo Dyas
62%
Admiral serving under AnakinWullf Yularen
62%
Ryloth freedom fighterCham Syndulla
61%
Above’s sonRotta
60%
Jedi that hunted ZiroQuinlan Vos
59%
Prime minister of MandaloreAlmec
57%
Loyal cloneDogma
57%
Leader of the Techno UnionWat Tambor
57%
Mon Cala CaptainGial Ackbar
56%
501st medicKix
56%
Member of Domino SquadCutup
55%
Padme’s former loverRush Clovis
55%
Member of Domino SquadDroidbait
54%
Above’s motherMina Bonteri
54%
Onderon fighterSteela Gerrera
54%
Vice chair of the senateMas Amedda
53%
Senator of ChandrilaMon Mothma
53%
Mandalorian, mother of SabineUrsa Wren
53%
Eccentric cloneHardcase
52%
Jedi MasterAdi Gallia
50%
Jedi MasterEeth Koth
50%
Wookie younglingGungi
50%
Kaminoan scientistNala Se
50%
Republic captain who was capturedWilhuff Tarkin
50%
Senator of PantoraRiyo Chuchi
49%
Senator of RodiaOnaconda Farr
48%
Commander of the 91st, killed by Aurra SingPonds
47%
King of Mon CalaLee Char
46%
Captain who fought with aboveKeeli
45%
Satine’s nephewKorkie Kryze
45%
Bounty hunter impersonated by Obi WanRako Hardeen
45%
Ahsoka’s astromech droidR7-A7
44%
Created the BoxMoralo Eval
43%
Old Jedi Master who trained younglingsTera Sinube
43%
Above’s sisterRafa Martez
42%
Shark-like Separastist on Mon CalaRiff Tamson
42%
Jedi MasterSaesee Tiin
42%
Commander accompanying PadméThorn
42%
Mandalorian warriorGar Saxon
41%
Ditches the spiceTrace Martez
41%
Droid who helps with creation of lightsabersHuyang
39%
Leader of the PykesLom Pyke
39%
Zabrak Bounty hunterSugi
39%
Captain of the 332ndVaughn
39%
Member of the 501st killed by Cad BaneDenal
38%
Senator of the Trade FederationLott Dod
35%
King of ToydoriaKing Katuunko
34%
Super tactical droid general on OnderonKalani
32%
Jedi Padawan killed by Trandoshan huntersKalifa
32%
501st PilotHawk
29%
Leader of the CitadelOsi Sobeck
29%
Jedi younglingPetro
28%
Coruscant DetectiveTan Divo
28%
Senator of Mon CalaMeena Tills
26%
Queen of ZygerriaMiraj Scintel
26%
Pink bounty hunterLatts Razzi
24%
Mandalorion warriorRook Kast
23%
Leader of D SquadMeebur Gascon
22%
Pit droid member of D SquadWAC-47
18%
Member of the PykesMarg Krim
14%

Score Distribution

Percentile by Number Answered

Percent of People with Each Score

Your Score History

You have not taken this quiz since the last reset